Bucket List Project - Saba - Statistics

General Stats
  • This quiz has been taken 12 times
  • The average score is 11 of 13
Answer Stats
Track # Answer % Correct
12 California (feat. Ravyn Lenae & Phoelix)
90%
3 GPS (feat. Twista)
90%
1 In Loving Memory
90%
2 Stoney (feat. Phoelix & BJRKNC)
90%
5 Westside Bound 3 (feat. Joseph Chilliams)
90%
10 Bucket List (feat. Matthew Santos)
80%
4 Church / Liquor Store (feat. Noname)
80%
8 Photosynthesis
80%
7 Symmetry
80%
9 The Billy Williams Story
80%
11 American Hypnosis (feat. Akenya)
70%
6 MOST
70%
13 World In My Hands (feat. Smino & LEGIT)
70%
No matching quizzes found
Score Distribution
Percent of People with Each Score
Percentile by Number Answered
Your Score History
You have not taken this quiz